[Event "Zichichi Memorial"]
[Site "Ladispoli"]
[Date "2008.05.??"]
[Round "6"]
[White "Lattanzi, Domenico"]
[Black "Dragojlovic, Andjelko"]
[Result "0-1"]
[WhiteElo "1740"]
[BlackElo "2409"]
[PlyCount "62"]
[EventDate "2008.05.01"]
[EventType "swiss"]
[EventRounds "7"]
[EventCountry "ITA"]
[SourceTitle "EXT 2009"]
[Source "ChessBase"]
[SourceDate "2008.11.26"]
[SourceVersion "1"]
[SourceVersionDate "2008.11.26"]
[SourceQuality "1"]

1. e4 c5 2. Nf3 g6 3. d4 cxd4 4. Nxd4 Nc6 5. Nc3 Bg7 6. Be3 Nf6 7. Be2 0-0 8. Qd2 d5 9. exd5 Nxd5 10. Nxc6 bxc6 11. Nxd5 cxd5 12. 0-0-0 Rb8 13. Bd4 e5 14. Bc5 Be6 15. Bxf8 Qxf8 16. Qa5 e4 17. c3 Qc8 18. Ba6 Qc6 19. Kc2 d4 20. Kd2 Rxb2+ 21. Ke1 d3 22. Kf1 Rxa2 23. Qd8+ Bf8 24. Bxd3 exd3 25. h4 Qxc3 26. Kg1 Qc2 27. Rf1 h5 28. Kh2 Kg7 29. Rhg1 d2 30. Rb1 Qc5 31. Rb8 Bd6+ 0-1

[Event "Rome Accademia op"]
[Site "Rome"]
[Date "2007.02.04"]
[Round "4"]
[White "Lattanzi, Domenico"]
[Black "Gatta, Flavio"]
[Result "0-1"]
[WhiteElo "1794"]
[BlackElo "1837"]
[PlyCount "90"]
[EventDate "2007.02.02"]
[EventType "swiss"]
[EventRounds "5"]
[EventCountry "ITA"]
[SourceTitle "EXT 2008"]
[Source "ChessBase"]
[SourceDate "2007.11.25"]
[SourceVersion "1"]
[SourceVersionDate "2007.11.25"]
[SourceQuality "1"]

1. e4 c5 2. Nf3 e6 3. d4 cxd4 4. Nxd4 Nc6 5. Be3 a6 6. Be2 Nge7 7. 0-0 Nxd4 8. Bxd4 Nc6 9. Nc3 b5 10. e5 Qc7 11. Bf3 Bb7 12. Re1 Be7 13. Be4 Rc8 14. Bxc6 Qxc6 15. Qg4 Kf8 16. f3 h5 17. Qg3 g5 18. Ne4 g4 19. Re2 Rg8 20. Rf1 Qc4 21. Rd2 h4 22. Qf4 g3 23. Nf6 gxh2+ 24. Kxh2 Bxf6 25. exf6 Rg6 26. Rfd1 d5 27. Qd6+ Kg8 28. b3 Qc7 29. Qxc7 Rxc7 30. b4 Rc8 31. Kh3 Kh7 32. Kxh4 Rh8 33. g4 Kg8+ 34. Kg3 Rgh6 35. Rd3 Kh7 36. Rc3 Kg6 37. Kf4 Rc8 38. Rdd3 Rc4 39. Ke5 Rh8 40. Rxc4 dxc4 41. Re3 Rd8 42. c3 Kg5 43. f4+ Kxg4 44. a3 Rd5+ 45. Ke4 Rh5# 0-1

[Event "Arvier op 2nd"]
[Site "Arvier"]
[Date "2005.04.25"]
[Round "9"]
[White "Lisandri, Luigi"]
[Black "Lattanzi, Domenico"]
[Result "0-1"]
[WhiteElo "1517"]
[BlackElo "1898"]
[PlyCount "60"]
[EventDate "2005.04.18"]
[EventType "swiss"]
[EventRounds "9"]
[EventCountry "ITA"]
[SourceTitle "CBM 105 Extra"]
[Source "ChessBase"]
[SourceDate "2005.05.01"]
[SourceVersion "1"]
[SourceVersionDate "2005.05.01"]
[SourceQuality "1"]

1. c4 c5 2. d3 Nf6 3. Nc3 g6 4. e4 Nc6 5. Nf3 d6 6. Be2 Bg7 7. 0-0 0-0 8. a3 Nd7 9. Rb1 Nde5 10. Qe1 f5 11. h3 fxe4 12. Nxe4 Nxf3+ 13. Bxf3 Rxf3 14. Ng5 Rf6 15. Ne4 Rf8 16. Bg5 Bf5 17. Qd2 Ne5 18. Rfd1 Nxc4 19. dxc4 Bxe4 20. Rbc1 Rf5 21. h4 Bd4 22. b4 Rxf2 23. Qxf2 Bxf2+ 24. Kxf2 Qf8+ 25. Kg1 h6 26. Be3 Qf6 27. Bf2 Rf8 28. Rd2 Qf4 29. Rcd1 Qg4 30. Be3 Bxg2 0-1

[Event "Rome Steinitz op 1st"]
[Site "Rome"]
[Date "2002.07.07"]
[Round "5"]
[White "Lattanzi, Domenico"]
[Black "Caiazzo, Diego"]
[Result "0-1"]
[WhiteElo "1591"]
[BlackElo "1605"]
[PlyCount "74"]
[EventDate "2002.07.05"]
[EventType "swiss"]
[EventRounds "5"]
[EventCountry "ITA"]
[SourceTitle "EXT 2007"]
[Source "ChessBase"]
[SourceDate "2006.11.23"]
[SourceVersion "1"]
[SourceVersionDate "2006.11.23"]
[SourceQuality "1"]

1. e4 e6 2. d4 d5 3. Nc3 dxe4 4. Nxe4 Nd7 5. Nf3 Ngf6 6. Bd3 b6 7. 0-0 Bb7 8. Qe2 Be7 9. Ne5 0-0 10. Bf4 Nxe5 11. Nxf6+ Bxf6 12. dxe5 Qd5 13. Qf3 Qxf3 14. gxf3 Be7 15. Be2 Rfd8 16. Kh1 Rd4 17. Be3 Rd5 18. Bf4 Rad8 19. Rg1 Bc5 20. Rg2 Bd4 21. c4 R5d7 22. Bg5 Rc8 23. Rd1 c5 24. Bf6 g6 25. h4 h5 26. Kg1 Rcc7 27. b3 Bc3 28. Rd6 Kh7 29. Kh2 Bd2 30. Kg3 Bc3 31. Rg1 Bd4 32. Rd1 Ba8 33. b4 Rb7 34. f4 Rxd6 35. exd6 Bxf6 36. d7 Rb8 37. b5 Bd4 0-1

[Event "Rome Steinitz op 1st"]
[Site "Rome"]
[Date "2002.07.06"]
[Round "3"]
[White "Gardon, Ermanno"]
[Black "Lattanzi, Domenico"]
[Result "1-0"]
[WhiteElo "2108"]
[BlackElo "1591"]
[PlyCount "83"]
[EventDate "2002.07.05"]
[EventType "swiss"]
[EventRounds "5"]
[EventCountry "ITA"]
[SourceTitle "EXT 2007"]
[Source "ChessBase"]
[SourceDate "2006.11.23"]
[SourceVersion "1"]
[SourceVersionDate "2006.11.23"]
[SourceQuality "1"]

1. e4 c5 2. Nf3 d6 3. d4 cxd4 4. Nxd4 Nf6 5. Nc3 a6 6. f4 Qc7 7. a4 b6 8. Bd3 Bb7 9. 0-0 g6 10. Nf3 Bg7 11. Qe1 Nbd7 12. Qh4 Qc5+ 13. Kh1 Qh5 14. Qe1 Nc5 15. Bd2 0-0 16. b4 Nxd3 17. cxd3 Nd7 18. Rd1 Rac8 19. Ne2 Bf6 20. Ng3 Qh6 21. e5 Bxf3 22. Rxf3 Bh4 23. e6 Nf6 24. exf7+ Rxf7 25. Rc1 Rxc1 26. Qxc1 Rf8 27. Qc4+ d5 28. Qxa6 e5 29. Qxb6 Re8 30. Nf1 e4 31. Rh3 Ng4 32. Be1 Qxf4 33. Bxh4 Qxf1+ 34. Qg1 Rf8 35. dxe4 dxe4 36. Rc3 e3 37. h3 e2 38. hxg4 Qd1 39. Rf3 Qxa4 40. Rxf8+ Kg7 41. Qf2 Qd1+ 42. Kh2 1-0

[Event "Rome Steinitz op 1st"]
[Site "Rome"]
[Date "2002.07.06"]
[Round "2"]
[White "Lattanzi, Domenico"]
[Black "Marinelli, Franco"]
[Result "1-0"]
[WhiteElo "1591"]
[BlackElo "1327"]
[PlyCount "91"]
[EventDate "2002.07.05"]
[EventType "swiss"]
[EventRounds "5"]
[EventCountry "ITA"]
[SourceTitle "EXT 2007"]
[Source "ChessBase"]
[SourceDate "2006.11.23"]
[SourceVersion "1"]
[SourceVersionDate "2006.11.23"]
[SourceQuality "1"]

1. e4 d6 2. d4 Nf6 3. Nc3 g6 4. f4 Bg4 5. Be2 Bxe2 6. Qxe2 Bg7 7. Be3 Qd7 8. 0-0-0 c6 9. h3 Nh5 10. Qf3 Bh6 11. g4 Bxf4 12. Bxf4 Nxf4 13. Qxf4 e6 14. Nf3 Qe7 15. Rdf1 Nd7 16. e5 d5 17. h4 h6 18. Rh2 b6 19. Rhf2 Rh7 20. h5 g5 21. Qe3 b5 22. Nd2 0-0-0 23. Nb3 Kc7 24. Ne2 Nb6 25. Qd3 Rg7 26. Rf6 Rh8 27. Qf3 Rhh7 28. Nc5 Nc4 29. Qc3 Kb6 30. Qb4 Qe8 31. Nb3 Kc7 32. R1f3 Rg8 33. Na5 Qf8 34. Qxf8 Rxf8 35. Nxc4 dxc4 36. Rxe6 fxe6 37. Rxf8 a5 38. Ng3 Rd7 39. c3 b4 40. Ne4 bxc3 41. bxc3 Re7 42. Rh8 Rf7 43. Nf6 Kb6 44. Rxh6 c5 45. Rh7 Rxh7 46. Nxh7 1-0